Moderné spôsoby výmeny a zdieľania štatistických údajov medzi členskými štátmi Únie a Eurostatom

Prezentácia moderných nástrojov v oblasti výmeny, zdieľania a rozširovania údajov, ktoré vyvinul Eurostat. Konkrétne príklady.

Salvato in:
Dettagli Bibliografici
Autore principale: Plánovský, Ján
Natura: Capitolo di libro
Lingua:inglese
Soggetti:
Tags: Aggiungi Tag
Nessun Tag, puoi essere il primo ad aggiungerne!!

MARC

LEADER 00000naa a2200000 4500
001 0156739
005 20220715093747.8
041 0 |a eng 
044 |a SK 
245 1 0 |a Moderné spôsoby výmeny a zdieľania štatistických údajov medzi členskými štátmi Únie a Eurostatom  |c Ján Plánovský 
520 |a Prezentácia moderných nástrojov v oblasti výmeny, zdieľania a rozširovania údajov, ktoré vyvinul Eurostat. Konkrétne príklady. 
610 2 0 |a Európska únia 
610 2 0 |a informácie štatistické 
610 2 0 |a výmena informácií 
100 1 |a Plánovský, Ján